|
|
|
|
| LEADER |
01221nam a2200265 a 4500 |
| 001 |
16504 |
| 003 |
BD-DhAAL |
| 008 |
090629s2002 at a 000 0eng d |
| 020 |
|
|
|a 186470098X
|
| 040 |
|
|
|a UKM
|c UKM
|d TXH
|d COA
|d BD-DhAAL
|
| 082 |
0 |
4 |
|a 727.0973
|2 21
|
| 245 |
0 |
0 |
|a Educational facilities.
|
| 260 |
|
|
|a Mulgrave, Vic. :
|b Images ;
|a Oxford :
|b William Snyder,
|c 2002.
|
| 300 |
|
|
|a 232 pages :
|b color illustrations ;
|c 30 cm
|
| 526 |
|
|
|a ARC
|x Huraera Jabeen
Faculty member of Department of Architecture
|
| 541 |
1 |
|
|e 16504
|a Premier Books
|
| 650 |
|
0 |
|a School building
|z United States
|x Design and construction.
|9 31753
|
| 650 |
|
0 |
|a School facilities
|z United States.
|9 31754
|
| 650 |
|
0 |
|a Architecture, American
|y 20th century.
|9 31755
|
| 710 |
2 |
|
|a American Institute of Architects.
|9 31756
|
| 710 |
2 |
|
|a AIA Academy of Architecture for health.
|9 31757
|
| 852 |
4 |
|
|a Ayesha Abed Library
|c General Stacks
|
| 942 |
|
|
|2 ddc
|c BK
|
| 999 |
|
|
|c 1892
|d 1892
|
| 952 |
|
|
|0 0
|1 0
|2 ddc
|4 0
|6 727_097300000000000_EDU_2002
|7 0
|9 7958
|a BRACUL
|b BRACUL
|c GEN
|d 2010-02-10
|e Premier Books
|g 6750.00
|l 13
|m 76
|o 727.0973 EDU
|p 3010016504
|r 2026-01-21
|s 2025-10-12
|t 1
|w 2010-02-10
|y BK
|x Requisitioned by Huraera Jabeen, Faculty member of Department of Architecture (ARC).
|